000 00820nam a2200229Ii 4500
003 JO-AjNU
008 230605s9999||||xx |||||||||||||| ||und||
017 _a2005/11/2795
020 _a9957-02-221-0
040 _aJO-AjNU
_bara
_erda
_cJO-AjNU
041 _aara
050 1 4 _aKD3636.I7412.2006
100 3 _aآيرلاند ، كنيث /الخطيب ، محمد بن شحات مترجم,
_eauthor
_922648
245 0 0 _aحقوق المعلمين وواجباتهم ( النموذج البريطاني )
250 _aط1
264 3 1 _aعمان : دار مجدلاوي ، 2006
300 _a133ص
336 _atext
_btxt
_2rdacontent
337 _aunmediated
_bn
_2rdamedia
338 _avolume
_bnc
_2rdacarrier
650 4 _aالتعلم - المدرسون- بريطانيا - أساليب التدريس
_922649
999 _aA8073
_c11641
_d11641